Countries Closest to Niger - Statistics

General Stats
  • This quiz has been taken 919 times
  • The average score is 18 of 20
Answer Stats
km country miles % Correct
0 Nigeria 0
98%
0 Algeria 0
97%
0 Chad 0
96%
0 Libya 0
96%
0 Mali 0
94%
191 Togo 119
93%
0 Benin 0
92%
86 Cameroon 53
91%
1146 Dem Rep Congo 712
91%
265 Ghana 165
91%
837 Sudan 520
91%
701 Central African Republic 436
90%
0 Burkina Faso 0
89%
787 Tunisia 489
88%
952 Egypt 591
87%
618 Côte d'Ivoire 384
86%
612 Mauritania 381
85%
1185 Gabon 736
79%
1001 Guinea 622
79%
1007 Equatorial Guinea 626
77%
No matching quizzes found
Score Distribution
Percent of People with Each Score
Percentile by Number Answered
Your Score History
You have not taken this quiz